| 000 | 01199nam a2200229Ia 4500 | ||
|---|---|---|---|
| 001 | L235-7928 | ||
| 003 | IT-CnALBA | ||
| 008 | 170116s9999||||xx |||||||||||||| ||und|| | ||
| 040 |
_aIT-CnALBA _cIT-CnALBA |
||
| 041 | _aITALIANO | ||
| 100 | _aCORDONNIER CH. | ||
| 245 | 0 | _aLA MADONNA. | |
| 250 | _a1a ed. | ||
| 260 |
_a SIENA _bCANTAGALLI EZIO, EDITORE. _c1938 [1° Ed.:1938 - Ed.Ling.Originale: 1938] |
||
| 300 | _a190 p. (prefazione: 57) | ||
| 500 | _aBIBLIOTECA CAN. CHIESA. CURATORE GIOVANNI MONTALI. PAESE FAMIGLIA NASCITA INFANZIA DI MARIA. CONSACRAZIONE. VITA AL TEMPIO. MARIA E GIUSEPPE. ANNUNZIAZIONE. VISITAZIONE. NATALE. PASTORI MAGI PURIIFICAZIONE. PRESENTAZIONE DI GESÙ AL TEMPIO. EGITTO. NAZARET | ||
| 501 | _aSocietà San Paolo EM - Piazza San Paolo, 14 - 12051 ALBA (CN) (non commercial uses only) ® Copyright 2017 | ||
| 520 | _aBIBLIOTECA CAN. CHIESA. CURATORE GIOVANNI MONTALI. PAESE FAMIGLIA NASCITA INFANZIA DI MARIA. CONSACRAZIONE. VITA AL TEMPIO. MARIA E GIUSEPPE. ANNUNZIAZIONE. VISITAZIONE. NATALE. PASTORI MAGI PURIIFICAZIONE. PRESENTAZIONE DI GESÙ AL TEMPIO. EGITTO. NAZARET | ||
| 650 | _aMARIA SS. ANGELI SANTI DEMONI | ||
| 942 | _cBK | ||
| 957 | _71 | ||
| 999 |
_a8904 _bSI _g Copie: 1 _c267110 _d267110 |
||